000 01910cam a22005054i 4500
003 PE-LiUPU
005 20250731165650.0
008 150616s r 000 0 d
020 _a0521234468
035 _a(Sirsi) i9780521234467
040 _aPE-LiUPU
_bspa
_cPE-LiUPU
_erda
049 _aPRUA
082 0 4 _a909.008
_bC
_221
110 2 _aCambridge University
245 1 4 _aThe Rise of Rome to 220 B.C.
_n7:2 /
_cCambridge University Press.
264 1 _aCambridge :
_bCambridge University Press,
_c1994.
300 _a811 páginas :
_bilustraciones ;
_c24 centímetros
336 _atext
_2rdacontent
337 _aunmediated
_2rdamedia
338 _avolume
_2rdacarrier
490 0 _aThe Cambridge Ancient History
505 0 _aThe sources for early Roman history.- Archaic Rome between Latium and Etruria.- The origins of Rome.- Rome in the fifth century I: the social and economic framework.- Rome in the fifth century II: the citizen community.- Etc..
526 _aSEG44
526 _aSEG26
526 _aP151
526 _aP150
526 _aP149
526 _aP146
526 _aP145
526 _aP126
526 _aP125
526 _aP92
526 _aP75
526 _aP74
526 _aP27
526 _aP15
650 0 4 _aHistoria antigua.
910 _ajck
_bjvq
_cjck
942 _2ddc
_cBOOK
949 _aRC 909.008 C 7:2
_wDEWEY
_c1
_i43178
_lCCODEBUL1
_mBUL
_r0
_sY
_tBOOK
_u2015-6-16
_xTEOLOGIA
_zUNKNOWN
_0COMPRA
_o.CIRCNOTE. No olvidar cambiar la fecha de devolución!!!!!!!
_o.STAFF. Colección General
994 _aC0
_bPEPRU
596 _a1
999 _aRC 909.008 C 7:2
_wDEWEY
_c61138
_i43178
_f2021-11-8
_g5
_lCCODEBUL1
_mBUL
_r1
_sY
_tBOOK
_u2015-6-16
_xTEOLOGIA
_zUNKNOWN
_0COMPRA
_o.CIRCNOTE. No olvidar cambiar la fecha de devolución!!!!!!!
_o.STAFF. Colección General
_d61138
980 _81
_gALBERTO SANCHEZ Responsable de Automatización